000 00823nam a2200277 i 4500
001 88747
003 ES-MaACL
005 20250815125458.0
007 t|
008 041209s2002 sp ||||1| spa d
020 _a84-9742-030-6
080 _a321.7"19"
080 _a316.42"19"
080 _a316.344"19"
100 1 _aTezanos, José Félix.
_9109855
245 1 3 _aLa democracia incompleta
_b: el futuro de la democracia postliberal /
_cJosé Félix Tezanos.
260 _aMadrid :
_bBiblioteca Nueva,
_c[2002]
300 _a477 p. :
_bgráf. ;
_c21 cm.
490 1 _aSociología
650 1 4 _aDemocracia-
_yS.XX.
_911573
650 1 4 _aCambio social-
_yS.XX
_910696
650 4 _aDesigualdad social-
_yS.XX.
_911835
830 1 _aSociología
_9184068
852 _aES-MaACL
_jE-10588
999 _c88747
_d88747